Men's Olympic Tennis Champions - Statistics

General Stats
  • This quiz has been taken 105 times
  • The average score is 9 of 23
Answer Stats
# Answer % Correct
1 Roger Federer
97%
2 Andy Murray
95%
1 Rafael Nadal
93%
1 Andre Agassi
86%
1 Novak Djokovic
79%
2 Juan Martín del Potro
78%
1 Kei Nishikori
51%
2 Fernando González
45%
1 Stefan Edberg
45%
1 Yevgeny Kafelnikov
44%
1 Nicolás Massú
36%
1 Goran Ivanišević
28%
1 Mardy Fish
24%
1 Sergi Bruguera
21%
1 Marc Rosset
20%
1 Tommy Haas
17%
1 Miloslav Mečíř
13%
1 Leander Paes
11%
1 Arnaud Di Pasquale
7%
1 Tim Mayotte
5%
1 Jordi Arrese
3%
1 Andrei Cherkasov
1%
1 Brad Gilbert
1%
No matching quizzes found
Score Distribution
Percent of People with Each Score
Percentile by Number Answered
Your Score History
You have not taken this quiz